000 00307nam a22001337a 4500
003 SGT
020 _a938426658-2
082 _a615
_bPOR
100 _aPORWAL, DR. MAYUR
245 _aA PRACTICAL BOOK OF PHARMACOLOGY -III
260 _aINDIA
_bBIRLA PUB.
_c2024
650 _aPHARMACOLOGY
942 _2ddc
_cBK
999 _c33061
_d33061